LEADER 01056nam1-22003611i-450 001 990000879060403321 005 20190524145528.0 035 $a000087906 035 $aFED01000087906 035 $a(Aleph)000087906FED01 035 $a000087906 100 $a20020821d1967----km-y0itay50------ba 101 0 $aita 102 $aIT 105 $ay-------001yy 200 1 $a<>volte leccesi$fVito Giorgio Colaianni 210 $aBari$cDetalo Libri$d1967 215 $a77 p.$cill.$dcm 25 225 1 $aQuaderni dell'Istituto di architettura ed urbanistica, Facoltą di ingegneria, Universitą di Bari 463 \1$1001990000899660403321$12001 $aVolte Leccesi 610 0 $aVolte sottili 700 1$aColaianni,$bVito Giorgio$011784 801 0$aIT$bUNINA$gRICA$2UNIMARC 901 $aBK 912 $a990000879060403321 952 $a03 VS.0,60$fIINTC 952 $a08 BB 328$b1876 C.E.$fDINED 952 $a12 MTD 90$b963$fDARPU 959 $aDARPU 959 $aIINTC 959 $aDINED 996 $aVolte Leccesi$9355744 997 $aUNINA LEADER 05400nam 2200661 450 001 9910830408603321 005 20230331005649.0 010 $a1-282-17154-2 010 $a9786612171543 010 $a1-4443-0451-8 010 $a1-4443-0452-6 035 $a(CKB)1000000000719733 035 $a(EBL)427996 035 $a(SSID)ssj0000671262 035 $a(PQKBManifestationID)11432482 035 $a(PQKBTitleCode)TC0000671262 035 $a(PQKBWorkID)10613847 035 $a(PQKB)11383644 035 $a(MiAaPQ)EBC427996 035 $a(OCoLC)352789869 035 $a(EXLCZ)991000000000719733 100 $a20160804h19901990 uy 0 101 0 $aeng 135 $aur|n|---||||| 181 $ctxt 182 $cc 183 $acr 200 00$aCarbonate diagenesis /$fedited by Maurice E. Tucker and Robin G.C. Bathurst 210 1$aOxford, [England] :$cBlackwell Scientific Publications,$d1990. 210 4$d©1990 215 $a1 online resource (322 p.) 225 1 $aReprint series Volume 1 of the International Association of Sedimentologists ;$vVolume 1 300 $aDescription based upon print version of record. 311 $a0-632-02938-2 320 $aIncludes bibliographical references and index. 327 $aCarbonate Diagenesis; Contents; Preface; Introduction to Carbonate Diagenesis; Marine Diagenesis: Modern and Ancient; Submarine lithification of Holocene carbonate sediments in the Persian Gulf; A review of the origin and setting of tepees and their associated fabrics [abstract only, plus Figs. 9 and 10]; Microbial alteration of Bahamian deep-sea carbonates [abstract only, plus Figs. 11, 12 and 13]; Holocene intertidal calcium carbonate cementation. Qatar, Persian Gulf [abstract only, plus Plates I A-F, V C and D] 327 $aThe seaward margin of Belize Barrier and atoll reefs [pages 14, 62-64, 111-123, 178-183, and Figs. 1-2, 1-4 and 3-2, plus references]Growth and submarine fossilization of algal cup reefs, Bermuda [abstract only, plus Figs. 21A and 21B]; Methane-derived high-Mg calcite submarine cement in Holocene nodules from the Fraser Delta, British Columbia, Canada [abstract only, plus Figs. 3A and 3C, 4A-D]; Syn-sedimentary marine lithification of Middle Jurassic limestones in the Paris Basin; Isotopic and trace element evidence for submarine lithification of hardgrounds in the Jurassic of eastern England 327 $aSedimentary folds and the development of limestone in an early Ordovician Sea [abstract only, plus Figs. 9, 15]Botryoidal aragonite and its diagenesis; Magnesian calcite cements and their diagenesis: dissolution and dolomitization, Mururoa Atoll [abstract only, plus Figs. 2, 4, 8 and 9]; Early void-filling cementation in Devonian fore-reef limestones (Germany); Radiaxial fibrous calcite: a replacement after acicular carbonate [abstract only, plus Figs. 4, 7A]; Meteoric Diagenesis; Phreatic versus vadose meteoric diagenesis of limestones: evidence from a fossil water table 327 $aIsotope signatures associated with early meteoric diagenesisContrasting diagenesis of two Carboniferous oolites from South Wales: a tale of climatic influence [abstract only, plus Figs. 3, 4, 9, 19]; Syntaxial overgrowths in muddy crinoidal limestones: cathodoluminescence sheds new light on an old problem [abstract only, plus Figs. 2, 7]; The development of overgrowths from echinoderm fragments [abstract only, plus Fig. 3]; Diagenesis in the Burial Environment; Carbonate cements: their regional distribution and interpretation in Mississippian limestones of southwestern New Mexico 327 $aChanges in carbon and oxygen isotope composition during limestone diagenesisThe strontium isotopic composition and origin of burial cements in the Lincolnshire Limestone (Bajocian) of central Lincolnshire, England [abstract only, plus Figs. 3 and 4]; Aragonite relic preservation in Jurassic calcitereplaced bivalves; Evolution of pore space in the Poza Rica trend (Mid-Cretaceous), Mexico [abstract only, plus Fig. 29]; Ferroan calcite replacement indicates former magnesian calcite skeletons [abstract only] 327 $aNew interpretations of Great Salt Lake ooids and of ancient non-skeletal carbonate mineralogy [abstract only, plus Figs. 16 and 17] 330 $aOver the years, many papers on carbonate diagenesis have been published in Sedimentology, the journal of the International Association of Sedimentologists. This volume presents a collection of these papers with a commentary. The emphasis of the book is on the diagenesis of shallow-marine carbonate sediments and the editors have chosen 12 papers which are reproduced in full. To widen the scope of this volume the abstracts for another 16 papers are presented. These provide further examples of diagenetic studies and help to extend the coverage of the book. The reprints and abstracts are di 410 0$aReprint series ... of the International Association of Sedimentologists ;$vVolume 1. 606 $aCarbonate rocks 606 $aDiagenesis 615 0$aCarbonate rocks. 615 0$aDiagenesis. 676 $a552.58 676 $a552/.58 702 $aTucker$b Maurice E. 702 $aBathurst$b Robin G. C. 801 0$bMiAaPQ 801 1$bMiAaPQ 801 2$bMiAaPQ 906 $aBOOK 912 $a9910830408603321 996 $aCarbonate diagenesis$92848766 997 $aUNINA